000 00543nam a22002417a 4500
003 UA-OsUOA
001 20508
007 ta
008 20031031b un ||||| |||| 00| 0 ukr d
100 _aБуянтуев Б.Р.
090 _a911(970)
_bБ90
942 _cBK
040 _aUA-OsUOA
_brus
_cUA-OsUOA
_dUA-OsUOA
245 _aОзеро Байкал
300 _a55й с.
955 _a0
041 _arus
080 _a911(970)
260 _aМосква
_bЗнание
_c1978
044 _aRU
650 7 _2UDC
999 _c306687
_d306687